Loading...
Lal salam P Krishnapilla
| Main Author: | |
|---|---|
| Format: | Printed Book |
| Language: | English |
| Published: |
Kozhikode
Insight Publica
2017
|
| LEADER | 00487 a2200157 4500 | ||
|---|---|---|---|
| 008 | 190725b xxu||||| |||| 00| 0 eng d | ||
| 999 | |c 188369 |d 188369 | ||
| 020 | |a 9789385899775 | ||
| 041 | |a MAL | ||
| 084 | |2 cc |a V212wN065 | ||
| 100 | |a Rajesh, P C | ||
| 245 | |a Lal salam P Krishnapilla | ||
| 260 | |b Insight Publica |c 2017 |a Kozhikode | ||
| 300 | |b 96p. | ||
| 942 | |c REF | ||
| 952 | |0 0 |1 0 |4 0 |6 V_212WN065_32Q7 |7 0 |8 KR |9 328664 |a LIB |b LIB |d 2018-11-01 |e 10 |g 70.00 |o V212wN065 32Q7 |p 308856 |r 2018-11-01 |v 100.00 |y REF | ||